South Eastern Kenya University

Library Online Public Access Catalogue


Guidelines for establishing revolving fund on community managed water supply schemes and construction of individual household toilets in urban slums (Record no. 3947)

MARC details
000 -LEADER
fixed length control field 00509nam a22001577a 4500
003 - CONTROL NUMBER IDENTIFIER
control field OSt
005 - DATE AND TIME OF LATEST TRANSACTION
control field 20150611103155.0
008 - FIXED-LENGTH DATA ELEMENTS--GENERAL INFORMATION
fixed length control field 150611b xxu||||| |||| 00| 0 eng d
040 ## - CATALOGING SOURCE
Original cataloging agency SEKU
050 ## - LIBRARY OF CONGRESS CALL NUMBER
Classification number HD 1286
Item number .G 85
245 ## - TITLE STATEMENT
Title Guidelines for establishing revolving fund on community managed water supply schemes and construction of individual household toilets in urban slums
260 ## - PUBLICATION, DISTRIBUTION, ETC. (IMPRINT)
Place of publication, distribution, etc. India;
Name of publisher, distributor, etc. Water for Asian cities programme ,
Date of publication, distribution, etc. 2006.
300 ## - PHYSICAL DESCRIPTION
Extent 47p.
600 ## - SUBJECT ADDED ENTRY--PERSONAL NAME
General subdivision water supply
942 ## - ADDED ENTRY ELEMENTS (KOHA)
Source of classification or shelving scheme Library of Congress Classification
Koha item type General circulation
Holdings
Withdrawn status Lost status Source of classification or shelving scheme Damaged status Not for loan Home library Current library Shelving location Date acquired Cost, normal purchase price Total Checkouts Full call number Barcode Date last seen Cost, replacement price Price effective from Koha item type
    Library of Congress Classification     Main Campus Library Main Campus Library General Stacks 11/06/2015 200.00   HD 1286 .G 85 2018/020936 11/06/2015 700.00 11/06/2015 General circulation
Kitui, Kenya.
+254736116989
library@seku.ac.ke